000 00582nam a2200229Ia 4500
003 OSt
005 20221005125417.0
006 a|||||r|||| 00| 0
007 ta
008 221004b |||||||| |||| 00| 0 kan d
024 _a62014
037 _cTextual
040 _aCRL
_cCRL
_bkan
041 _2kan
_akan
082 _aY1:351, 33L5
100 _aChinnappa Nadikeriyanda Ed.
_9636632
245 0 _aPattole palame
260 _c1975
650 _aSOCIOLOGY
942 _hY1:351, 33L5
_cTEXL
_2cc
999 _c1053928
_d1053928